Vida de San Francisco de Sales: obispo y príncipe de Ginebra
Đã lưu trong:
| Tác giả chính: | |
|---|---|
| Định dạng: | Sách |
| Ngôn ngữ: | Tiếng Tây Ban Nha |
| Được phát hành: |
Zaragoza
Imprenta Real
1835
|
| Những chủ đề: | |
| Các nhãn: |
Thêm thẻ
Không có thẻ, Là người đầu tiên thẻ bản ghi này!
|
MARC
| LEADER | 00000nam a2200000 a 4500 | ||
|---|---|---|---|
| 001 | UCI6678 | ||
| 003 | CL-VaPUC | ||
| 008 | 080523e18350000SP |||||||||||||||||spa|d | ||
| 082 | 0 | 4 | |a 922.22 |b MAR |2 21 |
| 100 | |a Marsollier |e autor |9 529640 | ||
| 245 | 1 | 0 | |a Vida de San Francisco de Sales: obispo y príncipe de Ginebra |
| 300 | |a 2 v | ||
| 942 | |c BK | ||
| 945 | |d 20080523 00:00:00 |a rbrito | ||
| 260 | |a Zaragoza |b Imprenta Real |c 1835 | ||
| 500 | |a Donación Padres Capuchinos | ||
| 600 | 0 | 7 | |a SAN FRANCISCO DE SALES |2 CL-VaPUC |9 350306 |
| 650 | 0 | |a Biografías |9 255210 | |
| 650 | 7 | |a SANTO |2 CL-VaPUC |9 526878 | |
| 650 | 0 | |a Vida religiosa |9 257284 | |
| 583 | |a last modification |c 20080523 00:00:00 |k Rodrigo Vera | ||
| 999 | |c 330128 |d 330126 | ||
| 952 | |0 0 |1 0 |4 0 |6 922_220000000000000_MAR_1835 |7 0 |8 X |9 415488 |a FDOBUD |b FDOBUD |d 2019-11-22 |h v.1 |i 4441265 |o 922.22 MAR 1835 |p 4441265 |r 2019-11-22 |w 2019-11-22 |y BK_X |k BUD | ||